[Event "C.O.Q. invitation"]
[Site "Montreal, CAN"]
[Date "2011.07.23"]
[Round "1"]
[White "Martchenko, Alexander"]
[Black "Gerzhoy, Leonid"]
[Result "1/2-1/2"]
[WhiteElo "2227"]
[BlackElo "2483"]
[EventDate "2011.07.23"]

1.e4 c6 2.d4 d5 3.Nc3 dxe4 4.Nxe4 Bf5 5.Ng3 Bg6 6.Nf3 Nd7 7.Bd3 e6 8.Qe2 
Ngf6 9.Bd2 Bxd3 10.Qxd3 Be7 11.O-O O-O 12.Rfe1 c5 13.Rad1 cxd4 14.Nxd4 Nc5
15.Qe3 Qb6 16.Nb3 Rac8 17.Bc3 Nxb3 18.Qxb6 axb6 19.axb3 Rfd8 20.Bxf6 Bxf6 
21.c3 b5 22.Ne4 Be7 23.b4 Kf8 24.Kf1 Ke8 25.Ke2 Rxd1 26.Rxd1 Ra8 27.Nd6+ 
Bxd6 28.Rxd6 Ra2 29.Rb6 Rxb2+ 30.Ke3 Rc2 31.Rxb7 Rxc3+ 32.Kd2 Rb3 33.Rxb5 
Rb2+ 34.Ke3 Ke7 35.Rb7+ Kf6 36.Kf3 h5 37.b5 g5 38.h3 Ke5 39.Rxf7 Rxb5 40.
Rh7 Rb3+ 41.Ke2 h4 42.Rg7 Kf4 43.Rd7 Rb2+ 44.Rd2 Rb5 45.Rd4+ Kf5 46.Rd8 
Ke4 47.Rd2 Rb1 48.Ra2 e5 49.Ra4+ Kf5 50.g4+ hxg3 51.fxg3 Rh1 52.g4+ Ke6 
53.Ra6+ Kd5 54.Ra5+ Kd4 1/2-1/2

[Event "C.O.Q. invitation"]
[Site "Montreal, CAN"]
[Date "2011.07.23"]
[Round "1"]
[White "Arencibia, Walter"]
[Black "Kleinman, Michael"]
[Result "1-0"]
[WhiteElo "2476"]
[BlackElo "2221"]
[EventDate "2011.07.23"]

1.d4 Nf6 2.c4 g6 3.Nc3 d5 4.cxd5 Nxd5 5.Bd2 Bg7 6.e4 Nb6 7.Be3 O-O 8.h3 e5
9.Nf3 exd4 10.Bxd4 Bxd4 11.Qxd4 Nc6 12.Qc5 Re8 13.Bb5 Bd7 14.O-O Qe7 15.
Qe3 Ne5 16.Bxd7 Nxf3+ 17.Qxf3 Nxd7 18.Rad1 c6 19.Qg3 Nc5 20.Rfe1 Rad8 21.
e5 Rxd1 22.Nxd1 Rd8 23.Ne3 Nd3 24.Rd1 Nxb2 25.Rd6 Rxd6 26.exd6 Qd7 27.Ng4 
Qd8 28.Qe5 Nc4 29.Nh6+ 1-0

[Event "C.O.Q. invitation"]
[Site "Montreal, CAN"]
[Date "2011.07.23"]
[Round "1"]
[White "Kleinman, Jake"]
[Black "Roy, Myriam"]
[Result "1-0"]
[WhiteElo "2375"]
[BlackElo "1935"]
[EventDate "2011.07.23"]

1.e4 c6 2.Nc3 d5 3.Nf3 dxe4 4.Nxe4 Nd7 5.Qe2 e6 6.g3 Ngf6 7.Nxf6+ Nxf6 8.
Bg2 Bd6 9.O-O O-O 10.d4 Qc7 11.b3 c5 12.dxc5 Bxc5 13.Bb2 Qe7 14.Rad1 Bd7 
15.Ne5 Rab8 16.Nxd7 Nxd7 17.Rxd7 Qxd7 18.Qe5 Bxf2+ 19.Rxf2 f6 20.Qe1 e5 
21.Rd2 Qe7 22.c4 Rbe8 23.Qe3 {...} 1-0

[Event "C.O.Q. invitation"]
[Site "Montreal, CAN"]
[Date "2011.07.23"]
[Round "1"]
[White "Cornette, Mathieu"]
[Black "Leveille, Francois"]
[Result "1-0"]
[WhiteElo "2568"]
[BlackElo "2290"]
[EventDate "2011.07.23"]

1.d4 d5 2.Nf3 Nf6 3.c4 c6 4.Nc3 e6 5.g3 Be7 6.Bg2 O-O 7.O-O b6 8.b3 Nbd7 
9.Qc2 Ba6 10.Rd1 Rc8 11.Bb2 b5 12.c5 b4 13.Nb1 Qc7 14.a3 bxa3 15.Rxa3 Qb7 
16.Nc3 Ra8 17.Rda1 Bb5 18.Nxb5 Qxb5 19.Rxa7 Rxa7 20.Rxa7 Rb8 21.Bc1 Rb7 
22.Ra8+ Rb8 23.Rxb8+ Qxb8 24.Bf4 Qb4 25.Bd2 Qb5 26.Bf1 Ne4 27.e3 Qb7 28.
Be1 e5 29.b4 exd4 30.exd4 Nf8 31.Bd3 Ng5 32.Nxg5 Bxg5 33.b5 cxb5 34.c6 Qc7
35.Ba5 1-0

[Event "C.O.Q. invitation"]
[Site "Montreal, CAN"]
[Date "2011.07.23"]
[Round "1"]
[White "Voskanyan, Vahagn"]
[Black "Bojkov,  Dejan"]
[Result "0-1"]
[WhiteElo "2261"]
[BlackElo "2544"]
[EventDate "2011.07.23"]

1.e4 e5 2.Nf3 Nc6 3.Nc3 Nf6 4.d4 exd4 5.Nxd4 Bb4 6.Nxc6 bxc6 7.Bd3 d5 8.
exd5 cxd5 9.O-O O-O 10.Bg5 c6 11.Ne2 Bd6 12.Bf4 c5 13.c3 Rb8 14.b3 Re8 15.
Bxd6 Qxd6 16.Ng3 Bd7 17.Qd2 Re5 18.Rfe1 Rbe8 19.h3 h5 20.Rxe5 Qxe5 21.Rd1 
h4 22.Nf1 Bc6 23.Ne3 g6 24.Nc2 Kg7 25.Re1 Ne4 26.Bxe4 dxe4 27.Rd1 Re6 28.
Ne3 f5 29.Qd8 Qf6 30.Qb8 f4 31.Ng4 Qf7 32.Ne5 Qf6 33.Nxc6 Rxc6 34.Qxa7+ 
Kh6 35.Re1 Qxc3 36.Rxe4 Rd6 0-1

[Event "C.O.Q. invitation"]
[Site "Montreal, CAN"]
[Date "2011.07.23"]
[Round "1"]
[White "Sambuev, Bator"]
[Black "Calugar, Arthur"]
[Result "1-0"]
[WhiteElo "2528"]
[BlackElo "2247"]
[EventDate "2011.07.23"]

1.d4 Nf6 2.Nf3 g6 3.Bg5 Bg7 4.Nbd2 d5 5.e3 O-O 6.Be2 c5 7.c3 b6 8.O-O Nbd7
9.a4 a6 10.b4 h6 11.Bh4 g5 12.Bg3 Nh5 13.Be5 f6 14.Bg3 Nxg3 15.hxg3 e5 16.
bxc5 bxc5 17.dxe5 fxe5 18.e4 Nf6 19.Nxe5 Nxe4 20.Nxe4 Bxe5 21.Nxc5 Qd6 22.
Nb3 Bxc3 23.Rc1 Be5 24.Bf3 Be6 25.Re1 Rfe8 26.Nd4 Bf7 27.Rc6 Qb4 28.Nc2 
Qb3 29.Re3 Qxa4 30.Bxd5 Ra7 31.Qd3 Rd7 32.Bxf7+ Rxf7 33.Qg6+ Kf8 34.Qxh6+ 
Kg8 35.Rxe5 Rxe5 36.Rg6+ 1-0

[Event "C.O.Q. invitation"]
[Site "Montreal, CAN"]
[Date "2011.07.23"]
[Round "1"]
[White "Meszaros, Michal"]
[Black "Caire, Francois"]
[Result "0-1"]
[WhiteElo "2418"]
[BlackElo "2150"]
[EventDate "2011.07.23"]

1.e4 c5 2.Nf3 Nc6 3.d4 cxd4 4.Nxd4 Nf6 5.Nc3 e5 6.Ndb5 d6 7.Bg5 a6 8.Na3 
b5 9.Nd5 Be7 10.Bxf6 Bxf6 11.c3 O-O 12.Nc2 Rb8 13.g3 Bg5 14.h4 Bh6 15.Bg2 
a5 16.a3 Ne7 17.Nce3 Be6 18.O-O Nxd5 19.Nxd5 Qd7 20.Qd3 Rfc8 21.Rfd1 Rc6 
22.Bf1 Kf8 23.Be2 Kg8 24.Qc2 Kh8 25.Qb3 Rcc8 26.Qc2 g6 27.Nf6 Qe7 28.Ng4 
Bg7 29.Qd3 Rd8 30.Ne3 Bh6 31.Ng4 Bg7 32.Ne3 Bh6 33.Nd5 Qd7 34.Nf6 Qe7 35.
Nd5 Qd7 36.Qf3 f5 37.b4 Rf8 38.bxa5 Qa7 39.exf5 Rxf5 40.Qg2 Bxd5 41.Qxd5 
Qxf2+ 42.Kh1 Qxe2 43.Ra2 Qg4 44.Kh2 Rbf8 45.Rg2 g5 46.h5 Qxh5+ 47.Kg1 g4 
48.Qe4 Rf3 49.Re1 Be3+ 0-1

[Event "C.O.Q. invitation"]
[Site "Montreal, CAN"]
[Date "2011.07.23"]
[Round "1"]
[White "Berube, Antoine"]
[Black "Macak, Stefan"]
[Result "0-1"]
[WhiteElo "2142"]
[BlackElo "2391"]
[EventDate "2011.07.23"]

1.d4 Nf6 2.c4 g6 3.Nc3 Bg7 4.e4 d6 5.f3 O-O 6.Be3 Nbd7 7.Qd2 e5 8.d5 Nh5 
9.O-O-O f5 10.Bd3 Nc5 11.Bc2 a5 12.Nge2 b6 13.Kb1 Bd7 14.exf5 gxf5 15.f4 
Qh4 16.g3 Qh3 17.fxe5 Bxe5 18.Nf4 Nxf4 19.Bxf4 Bg7 20.Rde1 Rae8 21.Nd1 Qh5
22.Qg2 b5 23.cxb5 Bxb5 24.Qd2 a4 25.Rxe8 Rxe8 26.Re1 Rb8 27.Re7 Bd7 28.Qa5
Rc8 29.Bc1 Bf6 30.Rxd7 Nxd7 31.Qxa4 Nc5 32.Qf4 Be5 33.Qxf5 Qxf5 34.Bxf5 
Rf8 35.Ne3 Bd4 36.g4 h5 37.h3 h4 38.Ng2 Na4 39.Nxh4 Nxb2 40.Be6+ Kh7 41.
Nf5 Be5 42.h4 Nd3 43.g5 Nxc1 44.Kxc1 Kg6 45.a4 Ra8 46.Bd7 Rd8 47.Be6 Ra8 
48.Bd7 Kh5 49.Kc2 Ra5 50.Bc6 Kg6 51.Ne7+ Kh5 52.Kb3 Kxh4 53.g6 Kg5 54.Bb5 
Ra8 55.Bc6 Rb8+ 56.Kc4 Kf6 57.a5 Bg3 58.a6 Bf2 0-1

[Event "C.O.Q. invitation"]
[Site "Montreal, CAN"]
[Date "2011.07.23"]
[Round "1"]
[White "Drolet, Stephane"]
[Black "Zhao, Parker"]
[Result "0-1"]
[WhiteElo "2025"]
[BlackElo "2382"]
[EventDate "2011.07.23"]

1.d4 d5 2.Bf4 c6 3.e3 Bf5 4.Nf3 e6 5.c4 Nf6 6.Nc3 Bd6 7.Bxd6 Qxd6 8.Qb3 
Qc7 9.Qa3 Qe7 10.Qxe7+ Kxe7 11.Ne5 Nbd7 12.Nxd7 Nxd7 13.cxd5 exd5 14.b4 b5
15.O-O-O a5 16.a3 Nb6 17.f3 axb4 18.axb4 Ra3 19.Kb2 Rha8 20.e4 Be6 21.Be2 
dxe4 22.Ra1 Rxa1 23.Rxa1 Rxa1 24.Kxa1 exf3 25.gxf3 Nd5 26.Nxd5+ Bxd5 27.
Kb2 Kf6 28.Kc3 Kg5 29.Bd3 Kf4 30.Bxh7 g6 31.h4 Kxf3 32.h5 gxh5 33.Bc2 h4 
0-1

[Event "C.O.Q. invitation"]
[Site "Montreal, CAN"]
[Date "2011.07.23"]
[Round "1"]
[White "Barbeau, Sylvain"]
[Black "Rozentalis, Eduardas"]
[Result "0-1"]
[WhiteElo "2333"]
[BlackElo "2571"]
[EventDate "2011.07.23"]

1.f4 d5 2.Nf3 Bg4 3.d4 e6 4.e3 c5 5.c3 Nc6 6.Be2 Bxf3 7.Bxf3 f5 8.O-O Nf6 
9.b3 Bd6 10.Ba3 cxd4 11.Bxd6 Qxd6 12.cxd4 O-O 13.Nc3 Rfc8 14.Na4 Nb4 15.
Rf2 Ne4 16.Bxe4 dxe4 17.g4 Nd5 18.Qe2 Rc7 19.gxf5 exf5 20.Kh1 Rac8 21.Rg1 
Rc2 22.Qxc2 Rxc2 23.Rxc2 Nxe3 24.Rc8+ Kf7 25.Nc5 Ng4 0-1

[Event "C.O.Q. invitation"]
[Site "Montreal, CAN"]
[Date "2011.07.24"]
[Round "2"]
[White "Leveille, Francois"]
[Black "Berube, Antoine"]
[Result "1-0"]
[WhiteElo "2290"]
[BlackElo "2142"]
[EventDate "2011.07.23"]

1.Nf3 d5 2.d4 Nf6 3.c4 c6 4.e3 Bf5 5.Nc3 e6 6.Nh4 Be4 7.f3 Bg6 8.g3 Nbd7 
9.Qb3 Qc7 10.Bd2 Nb6 11.cxd5 exd5 12.Rc1 Be7 13.Ng2 O-O 14.Nf4 Rad8 15.Kf2
h6 16.e4 Qb8 17.e5 Ne8 18.Nxg6 fxg6 19.Qc2 Qc8 20.Qxg6 Qf5 21.Qxf5 Rxf5 
22.Bh3 Rf8 23.b3 g5 24.Bf1 Ng7 25.Bd3 Ne6 26.Ne2 Nd7 27.b4 a5 28.a3 axb4 
29.axb4 Ra8 30.Ra1 b6 31.Bf5 Kf7 32.Rhc1 c5 33.bxc5 bxc5 34.Be3 c4 35.Nc3 
Nb6 36.Rcb1 Nc7 37.Rxa8 Ncxa8 38.Rb5 Rd8 39.f4 gxf4 40.Bxf4 1-0

[Event "C.O.Q. invitation"]
[Site "Montreal, CAN"]
[Date "2011.07.24"]
[Round "2"]
[White "Bolduc, Steve"]
[Black "Martchenko, Alexander"]
[Result "0-1"]
[WhiteElo "2230"]
[BlackElo "2227"]
[EventDate "2011.07.23"]

1.d4 d5 2.c4 e6 3.Nf3 c6 4.e3 Nf6 5.b3 Nbd7 6.Bb2 Bd6 7.Be2 O-O 8.O-O Qe7 
9.Nbd2 b6 10.Qc2 Bb7 11.Rad1 Rac8 12.Qb1 Rfd8 13.Rfe1 Ba3 14.Bxa3 Qxa3 15.
Bd3 Qe7 16.e4 dxe4 17.Nxe4 Nxe4 18.Bxe4 Nf6 19.Bc2 Qc7 20.c5 a5 21.Ne5 
bxc5 22.dxc5 Rd5 23.Rxd5 cxd5 24.b4 axb4 25.Qxb4 Ba8 26.Nd3 Nd7 27.Rc1 e5 
28.Bb3 e4 29.Nb2 Qf4 30.Rc2 Qe5 31.h3 Qf6 32.Na4 Qa1+ 33.Kh2 Qe5+ 34.Kg1 
Bc6 35.Nb6 Rb8 36.Nxd7 Qa1+ 0-1

[Event "C.O.Q. invitation"]
[Site "Montreal, CAN"]
[Date "2011.07.24"]
[Round "2"]
[White "Zhao, Parker"]
[Black "Sambuev, Bator"]
[Result "0-1"]
[WhiteElo "2382"]
[BlackElo "2528"]
[EventDate "2011.07.23"]

1.d4 Nf6 2.Nf3 g6 3.Bf4 Bg7 4.e3 O-O 5.Be2 d6 6.h3 b6 7.a4 a6 8.O-O Bb7 9.
Nbd2 Nbd7 10.c3 Re8 11.Bh2 e5 12.b4 a5 13.bxa5 Rxa5 14.Nc4 Ra7 15.dxe5 
dxe5 16.a5 Ne4 17.axb6 Rxa1 18.Qxa1 cxb6 19.Nfd2 Nxd2 20.Nxd2 Nc5 21.Rd1 
Qg5 22.Bg3 h5 23.h4 Qe7 24.Qb1 Rc8 25.Bc4 Na4 26.Qb3 b5 27.Bxb5 Nxc3 28.
Ra1 Bd5 29.Bc4 Ne2+ 30.Kh2 e4 31.Ra5 Be5 32.Bxe2 Bxg3+ 0-1

[Event "C.O.Q. invitation"]
[Site "Montreal, CAN"]
[Date "2011.07.24"]
[Round "2"]
[White "Tessier-Desrosiers, Olivier"]
[Black "Voskanyan, Vahagn"]
[Result "1-0"]
[WhiteElo "2086"]
[BlackElo "2261"]
[EventDate "2011.07.23"]

1.d4 d5 2.Nf3 c5 3.c3 e6 4.Bf4 Nc6 5.e3 Nf6 6.Nbd2 Be7 7.Bd3 Bd7 8.h3 Rc8 
9.O-O Qb6 10.Rb1 O-O 11.Qe2 Rfd8 12.dxc5 Qxc5 13.e4 dxe4 14.Nxe4 Nxe4 15.
Qxe4 g6 16.Rbd1 Be8 17.Be3 Qh5 18.Bc4 Qf5 19.Qxf5 gxf5 20.Bb3 b6 21.Rxd8 
Rxd8 22.Rd1 Na5 23.Rxd8 Bxd8 24.Bc2 Kg7 25.Bd3 Bc7 26.g3 Bd7 27.Nd4 Nc6 
28.Bb5 Nb8 29.f4 Kf6 30.Bxd7 Nxd7 31.Nc6 a6 32.Bd4+ Kg6 33.Ne7+ Kh6 34.b4 
b5 35.Kf2 f6 36.Ke3 Kg7 37.Kd3 Kf7 38.Nc6 e5 39.Be3 Ke6 40.c4 bxc4+ 41.
Kxc4 Kd6 42.Na7 Bd8 43.b5 axb5+ 44.Kxb5 Kd5 45.Nc6 Bc7 46.Ne7+ Ke4 47.Kc6 
Ba5 48.Bc1 Nf8 49.a4 Ne6 50.Nd5 Nd4+ 51.Kd6 Bd8 52.Bb2 h5 53.h4 Nf3 54.Bc3
Nd4 55.a5 Nb5+ 56.Kc6 Na7+ 57.Kd7 Kxd5 58.Kxd8 e4 59.Ke7 e3 60.Kxf6 Ke4 
61.a6 Nc6 62.Kg5 Kd3 63.Be1 Ke2 64.Ba5 Nxa5 65.a7 Nc4 66.a8=Q Nd2 67.Qg2+ 
Kd3 68.Kxf5 e2 69.Qf2 Nc4 70.Ke6 Ne3 71.f5 1-0

[Event "C.O.Q. invitation"]
[Site "Montreal, CAN"]
[Date "2011.07.24"]
[Round "2"]
[White "Macak, Stefan"]
[Black "Cornette, Mathieu"]
[Result "1/2-1/2"]
[WhiteElo "2391"]
[BlackElo "2568"]
[EventDate "2011.07.23"]

1.d4 Nf6 2.c4 e6 3.g3 c5 4.d5 exd5 5.cxd5 d6 6.Nc3 g6 7.Bg2 Bg7 8.Nf3 O-O 
9.O-O Re8 10.a4 Na6 11.Nd2 Nb4 12.Nc4 Bf5 13.Bf4 Bf8 14.Nb5 Bc2 15.Qd2 Ne4
16.Bxe4 Rxe4 17.Ncxd6 Bxd6 18.Bxd6 b6 19.Bf4 Qxd5 20.Nc3 Qxd2 21.Bxd2 Re6 
22.a5 Rd8 23.Bh6 Bb3 24.axb6 axb6 25.Ra3 Bc4 26.Rd1 Rxd1+ 27.Nxd1 Re8 28.
Ne3 Ba6 29.f3 f6 30.Kf2 Kf7 31.h4 Re7 32.Ra1 Rd7 33.Rd1 1/2-1/2

[Event "C.O.Q. invitation"]
[Site "Montreal, CAN"]
[Date "2011.07.24"]
[Round "2"]
[White "Roy, Myriam"]
[Black "Voloaca, Mihnoa"]
[Result "0-1"]
[WhiteElo "1935"]
[BlackElo "2234"]
[EventDate "2011.07.23"]

1.e4 c5 2.Nf3 d6 3.d4 cxd4 4.Nxd4 Nf6 5.Nc3 a6 6.f4 e6 7.a4 Be7 8.Be2 Nbd7
9.Bf3 O-O 10.O-O Re8 11.Kh1 Bf8 12.Nb3 e5 13.a5 h6 14.Be3 exf4 15.Bxf4 Ne5
16.Nd5 Nxd5 17.exd5 Bd7 18.Nd4 Rc8 19.b3 Rc7 20.c4 g6 21.Qd2 Kh7 22.Rae1 
Bg7 23.Be4 Bc8 24.Bc2 Rce7 25.Bg3 Qc7 26.Bh4 Rd7 27.h3 Kg8 28.Bb1 Kh7 29.
Re2 Kg8 30.Ref2 Qc5 31.Bf6 Bxf6 32.Rxf6 Kg7 33.Ne6+ fxe6 34.dxe6 Rde7 35.
Bxg6 Rxe6 36.Bxe8 Rxf6 37.Rxf6 Kxf6 38.Qxh6+ Ke7 39.Bh5 Kd8 40.Qg7 Qxa5 
41.Qf8+ Kc7 42.Qe7+ Bd7 0-1

[Event "C.O.Q. invitation"]
[Site "Montreal, CAN"]
[Date "2011.07.24"]
[Round "2"]
[White "Rozentalis, Eduardas"]
[Black "Arencibia, Walter"]
[Result "0-1"]
[WhiteElo "2571"]
[BlackElo "2476"]
[EventDate "2011.07.23"]

1.e4 c5 2.Nf3 e6 3.Nc3 a6 4.g3 Nc6 5.Bg2 d6 6.d4 cxd4 7.Nxd4 Bd7 8.Nxc6 
Bxc6 9.Qe2 Nf6 10.Bf4 Qa5 11.O-O-O Rd8 12.g4 Be7 13.h4 h5 14.g5 Ng4 15.Kb1
b5 16.a3 O-O 17.Nd5 exd5 18.exd5 Bd7 19.Qxe7 Bf5 20.Bxd6 Qa4 21.Rde1 Qxc2+
22.Ka1 Rfe8 23.Qa7 Nxf2 24.Qc5 Nxh1 0-1

[Event "C.O.Q. invitation"]
[Site "Montreal, CAN"]
[Date "2011.07.24"]
[Round "2"]
[White "Kleinman, Michael"]
[Black "Barbeau, Sylvain"]
[Result "1-0"]
[WhiteElo "2221"]
[BlackElo "2333"]
[EventDate "2011.07.23"]

1.e4 e5 2.Nf3 Nc6 3.Bb5 a6 4.Ba4 d6 5.O-O Bg4 6.h3 h5 7.Bxc6+ bxc6 8.d4 
Bxf3 9.Qxf3 exd4 10.Rd1 Qf6 11.Qb3 Ne7 12.c3 Qe6 13.Rxd4 g6 14.Bg5 Bg7 15.
Ra4 Kd7 16.Qa3 Rhb8 17.Nd2 Nc8 18.Rd1 Nb6 19.Ra5 Kc8 20.Be3 Nc4 21.Nxc4 
Qxc4 22.e5 Qe2 23.Rd2 Qe1+ 24.Kh2 c5 25.exd6 Be5+ 26.g3 cxd6 27.Rxc5+ dxc5
28.Qxc5+ Bc7 29.Bf4 1-0

[Event "C.O.Q. invitation"]
[Site "Montreal, CAN"]
[Date "2011.07.24"]
[Round "2"]
[White "Calugar, Arthur"]
[Black "Drolet, Stephane"]
[Result "1-0"]
[WhiteElo "2247"]
[BlackElo "2025"]
[EventDate "2011.07.23"]

1.Nf3 d5 2.b3 c5 3.e3 Nc6 4.Bb2 Nf6 5.Bb5 Bd7 6.O-O e6 7.Bxc6 Bxc6 8.Ne5 
Rc8 9.f4 Be7 10.d3 O-O 11.Nd2 Nd7 12.Qg4 g6 13.Ndf3 f5 14.Qg3 Nxe5 15.Bxe5
Bf6 16.h4 d4 17.Bxf6 Qxf6 18.Ne5 dxe3 19.Rae1 Rc7 20.Rxe3 Be8 21.Rfe1 Re7 
22.h5 Kh8 23.h6 Rg8 24.Nf3 Bc6 25.Ng5 Rge8 26.Re5 b6 27.R1e3 Bd7 28.Qe1 
Bc8 29.Kf2 Kg8 30.Qc3 Qf8 31.Rh3 Rd8 32.Qe1 Rd6 33.a4 Qe8 34.Rhe3 Qc6 35.
Kg1 Bb7 36.Qe2 Bc8 37.Qe1 Bb7 38.Qg3 Qe8 39.Qh4 Bc8 40.Qe1 Qc6 41.Qc3 Rd4 
42.b4 Bb7 43.Nf3 Qd6 44.bxc5 bxc5 45.Rxc5 Bxf3 46.Rxf3 Rd7 47.Rc8+ Rd8 48.
Re3 Kf7 49.Rc6 Qxf4 50.Rcxe6 Qb8 51.Qc5 Kg8 52.Re7 Qd6 53.Qxa7 Rd7 54.Qa8+
Rd8 55.Qb7 Rd7 56.Qb3+ Qd5 57.Rxd7 Qxb3 58.Re8# 1-0

[Event "C.O.Q. invitation"]
[Site "Montreal, CAN"]
[Date "2011.07.24"]
[Round "2"]
[White "Gerzhoy, Leonid"]
[Black "Meszaros, Michal"]
[Result "1-0"]
[WhiteElo "2483"]
[BlackElo "2418"]
[EventDate "2011.07.23"]

1.Nf3 Nf6 2.c4 g6 3.Nc3 d5 4.cxd5 Nxd5 5.Qa4+ c6 6.Qd4 f6 7.e4 e5 8.Qd3 
Nb4 9.Qb1 a5 10.Be2 Be6 11.O-O Be7 12.Rd1 c5 13.Bb5+ N8c6 14.d3 O-O 15.a3 
Na6 16.Bc4 Nc7 17.Bxe6+ Nxe6 18.Qa2 Qd7 19.Nd5 Bd8 20.Be3 Kg7 21.Qc4 Ncd4 
22.Bxd4 exd4 23.a4 Ra6 24.Qb5 Qf7 25.Rac1 Bc7 26.Rf1 Bb8 27.Rce1 Rd8 28.
Re2 Qd7 29.Qxd7+ Rxd7 30.Nd2 Nd8 31.Nc4 Nc6 32.f4 f5 33.Ncb6 Rd8 34.b3 Nb4
35.Rf3 fxe4 36.dxe4 Ba7 37.Nc4 Nxd5 38.exd5 Kf6 1-0

[Event "C.O.Q. invitation"]
[Site "Montreal, CAN"]
[Date "2011.07.24"]
[Round "3"]
[White "Meszaros, Michal"]
[Black "Berube, Antoine"]
[Result "1/2-1/2"]
[WhiteElo "2418"]
[BlackElo "2142"]
[EventDate "2011.07.23"]

1.d4 d5 2.c4 c6 3.Nf3 Nf6 4.e3 Bf5 5.Nc3 e6 6.Nh4 Be4 7.f3 Bg6 8.Qb3 Qc7 
9.Bd2 Be7 10.Rc1 Qb6 11.Nxg6 hxg6 12.Bd3 Nbd7 13.O-O O-O 14.f4 c5 15.Qxb6 
Nxb6 16.b3 Rac8 17.Ne2 dxc4 18.bxc4 Nbd7 19.Rb1 b6 20.h3 Ne8 21.d5 exd5 
22.cxd5 c4 23.Bc2 g5 24.g3 gxf4 25.gxf4 g5 26.Nd4 Bf6 27.Bf5 Rc7 28.Nb5 
Rb7 29.Rfc1 a6 30.Na3 Nd6 31.Bxd7 Rxd7 32.Rxb6 gxf4 33.Bb4 Rfd8 34.Rxd6 
Rxd6 35.Bxd6 Rxd6 36.Nxc4 Rxd5 37.exf4 Rd4 38.f5 Rf4 39.Nd6 Be5 40.Rd1 
1/2-1/2

[Event "C.O.Q. invitation"]
[Site "Montreal, CAN"]
[Date "2011.07.24"]
[Round "3"]
[White "Barbeau, Sylvain"]
[Black "Bolduc, Steve"]
[Result "1-0"]
[WhiteElo "2333"]
[BlackElo "2230"]
[EventDate "2011.07.23"]

1.e4 d6 2.d4 Nf6 3.Nc3 g6 4.Nf3 Bg7 5.h3 O-O 6.Be3 a6 7.a4 b6 8.Bc4 e6 9.
O-O Bb7 10.d5 e5 11.Nd2 Nh5 12.g3 Bc8 13.Kg2 Bf6 14.Be2 Ng7 15.Ra3 Bg5 16.
f4 exf4 17.gxf4 Bh6 18.Nc4 Qh4 19.Rf3 Nh5 20.Qd2 Nd7 21.e5 Nc5 22.b4 Bf5 
23.bxc5 b5 24.cxd6 b4 25.dxc7 bxc3 26.Qd4 Bxf4 27.Bxf4 Bxh3+ 28.Kg1 Qg4+ 
29.Kf2 Qg2+ 30.Ke3 g5 31.Bxg5 Qxg5+ 32.Kd3 Bg4 33.Rf2 Bxe2+ 34.Kxe2 f6 35.
e6 Rac8 36.Ne3 Ng3+ 37.Kf3 Rxc7 38.Qf4 Qh5+ 39.Qg4+ Qxg4+ 40.Nxg4 Nf5 41.
Ke2 Ng3+ 42.Kd3 f5 43.Rg2 fxg4 44.Rxg3 Rf3+ 45.Rxf3 gxf3 46.Kd4 Kf8 47.d6 
1-0

[Event "C.O.Q. invitation"]
[Site "Montreal, CAN"]
[Date "2011.07.24"]
[Round "3"]
[White "Tessier-Desrosiers, Olivier"]
[Black "Jiang, Louis"]
[Result "1/2-1/2"]
[WhiteElo "2086"]
[BlackElo "2375"]
[EventDate "2011.07.23"]

1.d4 Nf6 2.Nf3 e6 3.g3 d5 4.Bg2 Be7 5.O-O O-O 6.c3 b6 7.Re1 Bb7 8.Nbd2 
Nbd7 9.e3 Rc8 10.b3 c5 11.Bb2 h6 12.Ne5 Nxe5 13.dxe5 Nd7 14.c4 Qc7 15.f4 
dxc4 16.Nxc4 Bxg2 17.Kxg2 Rfd8 18.Qg4 Nf8 19.Rad1 Ng6 20.h4 b5 21.Nd6 h5 
22.Qxh5 Bxd6 23.exd6 Rxd6 24.Rxd6 Qxd6 25.Rd1 Qc6+ 26.Qf3 Nf8 27.h5 f6 28.
h6 Qxf3+ 29.Kxf3 gxh6 30.Bxf6 Kf7 31.Bc3 Rc6 32.g4 b4 33.Be1 a5 34.Rc1 Nd7
35.Bf2 Rd6 36.Ke2 a4 37.e4 a3 38.Bxc5 Nxc5 39.Rxc5 Rd4 40.Ke3 Rd1 41.f5 
exf5 42.gxf5 h5 43.Rc4 h4 44.e5 Re1+ 45.Kf3 Rxe5 46.Rxh4 Rxf5+ 47.Rf4 Ke6 
48.Rxf5 1/2-1/2

[Event "C.O.Q. invitation"]
[Site "Montreal, CAN"]
[Date "2011.07.24"]
[Round "3"]
[White "Voskanyan, Vahagn"]
[Black "Drolet, Stephane"]
[Result "0-1"]
[WhiteElo "2261"]
[BlackElo "2025"]
[EventDate "2011.07.23"]

1.Nf3 d5 2.d4 Nf6 3.c3 g6 4.Bf4 Bg7 5.e3 O-O 6.Bd3 c5 7.Nbd2 b6 8.h3 Bb7 
9.Ne5 Nc6 10.Qa4 Qc8 11.Bb5 Nxe5 12.Bxe5 a6 13.Be2 Re8 14.O-O Bh6 15.Rad1 
Nd7 16.Bg3 e5 17.dxe5 Nxe5 18.Nf3 Nc4 19.Qc2 b5 20.b3 Nb6 21.Nh2 Bg7 22.
Bf3 a5 23.Bf4 Qe6 24.Rd2 Rac8 25.Rc1 Qe7 26.Qb1 h5 27.Nf1 Rcd8 28.Be2 Bc6 
29.Rdd1 Bd7 30.Bc7 Bf5 31.Bxd8 Rxd8 32.Bd3 Bd7 33.c4 Qg5 34.f4 Qh4 35.Qc2 
bxc4 36.bxc4 Ba4 37.Qb1 Bxd1 38.Qxb6 Ba4 39.g3 Qe7 40.cxd5 Rxd5 41.Bc4 Qd8
42.Qa6 Rd6 43.Qa7 Rd7 44.Qxc5 Qa8 45.Bb5 Bxb5 46.Qxb5 Rd8 47.Qc6 Qa7 48.
Rb1 Rb8 49.Rd1 Qe7 50.Rd7 Qe8 51.Qd5 Bf6 52.Ra7 Kg7 53.Rxa5 Rb1 54.Kf2 Qc8
55.Ra7 Qe8 56.e4 Bd8 57.Rd7 Bb6+ 58.Ne3 Qf8 59.Qe5+ Kg8 60.Re7 Bd4 61.Qd6 
Bxe3+ 62.Kxe3 Qc8 63.Qd4 Qc1+ 64.Kf3 Qh1+ 65.Ke3 Re1+ 66.Kd2 Rd1+ 67.Kc3 
Qf3+ 68.Kc4 Rxd4+ 69.Kxd4 Qf2+ 0-1

[Event "C.O.Q. invitation"]
[Site "Montreal, CAN"]
[Date "2011.07.24"]
[Round "3"]
[White "Cheng, Bindi"]
[Black "Calugar, Arthur"]
[Result "1-0"]
[WhiteElo "2247"]
[BlackElo "2385"]
[EventDate "2011.07.23"]

1.d4 d5 2.Nf3 g6 3.c4 Nf6 4.cxd5 Nxd5 5.e4 Nf6 6.Nc3 Bg7 7.e5 Nd5 8.Qb3 
Nxc3 9.bxc3 O-O 10.Ba3 b6 11.Rd1 Bb7 12.Be2 Nc6 13.O-O Na5 14.Qc2 Qd7 15.
c4 Rfe8 16.Rfe1 Rac8 17.Ng5 e6 18.f4 h6 19.Nf3 Red8 20.h4 h5 21.Ng5 Qe8 
22.Bxh5 Bc6 23.Qc3 Ba4 24.Rd2 c5 25.Be2 cxd4 26.Rxd4 Bb5 27.h5 Rxd4 28.
hxg6 fxg6 29.Qh3 Bh6 30.Qxh6 Rc7 31.cxb5 Rg7 32.Bg4 Rxf4 33.Bxe6+ 1-0

[Event "C.O.Q. invitation"]
[Site "Montreal, CAN"]
[Date "2011.07.24"]
[Round "3"]
[White "Kleinman, Jake"]
[Black "Kleinman, Michael"]
[Result "1/2-1/2"]
[WhiteElo "2375"]
[BlackElo "2221"]
[EventDate "2011.07.23"]

1.e4 c5 2.c3 d5 3.exd5 Qxd5 4.d4 Nf6 5.Nf3 Bg4 6.dxc5 Qxd1+ 7.Kxd1 Nc6 8.
b4 a5 9.Bb5 axb4 10.Bxc6+ bxc6 11.cxb4 Nd5 12.Bd2 g6 13.a4 Bg7 14.Ra3 Nxb4
15.Bxb4 Rb8 16.Rb3 Be6 17.Kc2 Bf5+ 18.Kc1 Be6 19.Kc2 Bf5+ 20.Kc1 1/2-1/2

[Event "C.O.Q. invitation"]
[Site "Montreal, CAN"]
[Date "2011.07.24"]
[Round "3"]
[White "Rozentalis, Eduardas"]
[Black "Macak, Stefan"]
[Result "1-0"]
[WhiteElo "2571"]
[BlackElo "2391"]
[EventDate "2011.07.23"]

1.e4 e6 2.d4 d5 3.Nc3 Bb4 4.exd5 exd5 5.Bd3 Nc6 6.a3 Ba5 7.Ne2 Nge7 8.O-O 
Bg4 9.f3 Bf5 10.Na4 Bb6 11.Nxb6 axb6 12.Bb5 O-O 13.c3 Qd7 14.Ng3 Bg6 15.
Bf4 Nc8 16.Qd2 Nd6 17.Bxd6 Qxd6 18.f4 f6 19.f5 Bf7 20.Ne2 Rae8 21.Qf4 Qxf4
22.Nxf4 Re3 23.Bxc6 bxc6 24.Rfe1 Rfe8 25.Rxe3 Rxe3 26.a4 g5 27.fxg6 hxg6 
28.Kf2 Re8 29.b4 g5 30.Ne2 Kf8 31.a5 Bh5 32.Ra2 Ke7 33.Ng3 Bg4 34.h3 Be6 
35.Nh5 Rh8 36.g4 Bd7 37.a6 f5 38.a7 Ra8 39.h4 gxh4 40.g5 Be8 41.Nf4 Kd6 
42.Kg2 c5 43.bxc5+ bxc5 44.Ra6+ c6 45.Kh3 cxd4 46.cxd4 Bf7 47.g6 Bg8 48.
Kxh4 Kc7 49.Nd3 f4 50.Nc5 1-0

[Event "C.O.Q. invitation"]
[Site "Montreal, CAN"]
[Date "2011.07.25"]
[Round "4"]
[White "Drolet, Stephane"]
[Black "Barbeau, Sylvain"]
[Result "1/2-1/2"]
[WhiteElo "2025"]
[BlackElo "2333"]
[EventDate "2011.07.23"]

1.d4 Nf6 2.Nf3 e6 3.Bf4 b6 4.e3 Bb7 5.Nbd2 Be7 6.h3 O-O 7.Bd3 c5 8.c3 Nc6 
9.a3 d6 10.Qe2 Re8 11.Rd1 a6 12.Bb1 cxd4 13.cxd4 b5 14.O-O Rc8 15.Ng5 g6 
16.Nge4 Nd5 17.Bh6 Rc7 18.f4 Na5 19.Ng5 Nc4 20.Nxc4 bxc4 21.Rf3 c3 22.Rg3 
Nf6 23.e4 cxb2 24.Qxb2 Nh5 25.Rb3 Qa8 26.d5 exd5 27.g4 Nf6 28.e5 dxe5 29.
fxe5 Bc5+ 30.Kh2 Ne4 31.Bxe4 dxe4 32.Rc1 Bd5 33.Rxc5 Rxc5 34.e6 f6 35.Qxf6
Rc2+ 36.Kg3 Qa7 37.Rb6 Qc7+ 38.Kh4 Rg2 39.Nf7 Qg3+ 40.Kg5 Qe3+ 41.Kh4 g5+ 
42.Qxg5+ Qxg5+ 43.Bxg5 Rxe6 44.Nh6+ Kf8 45.Rb8+ Re8 46.Rb6 Rc2 47.Rf6+ Kg7
48.Nf5+ Kg8 49.Nh6+ Kg7 50.Nf5+ 1/2-1/2

[Event "C.O.Q. invitation"]
[Site "Montreal, CAN"]
[Date "2011.07.25"]
[Round "4"]
[White "Roy, Myriam"]
[Black "Meszaros, Michal"]
[Result "0-1"]
[WhiteElo "1935"]
[BlackElo "2418"]
[EventDate "2011.07.23"]

1.e4 g6 2.d4 Bg7 3.f4 d6 4.Nf3 Nd7 5.Nc3 a6 6.Be3 b5 7.a3 Bb7 8.Be2 e6 9.
O-O Ne7 10.Qe1 h6 11.Rd1 O-O 12.Nh4 f5 13.e5 Qc8 14.Qg3 Kh7 15.Bf3 Nb6 16.
b3 Rd8 17.Bxb7 Qxb7 18.Nf3 Rd7 19.Rd3 Qc8 20.Rfd1 Qe8 21.Qh4 Kg8 22.h3 
Rdd8 23.R1d2 Nc4 24.Rd1 Nb2 25.g4 Nxd1 26.Rxd1 Qc6 27.Rd3 Qxf3 28.Bd2 g5 
29.fxg5 Ng6 30.Qh5 Nf4 31.Rxf3 Nxh5 32.gxh5 dxe5 33.gxh6 Bf6 34.dxe5 Bxe5 
35.Bg5 Rd6 36.Ne2 Kh7 37.h4 Re8 38.Kg2 Bb2 39.a4 b4 40.Kf2 Rc6 41.Rd3 Rd6 
42.Rf3 Be5 43.Re3 Rd5 44.Kf3 Rc5 45.Rd3 Bd6 46.Rd2 e5 47.Ng3 e4+ 48.Kg2 f4
49.Nf1 Rf5 50.Rd1 Rc5 51.Rd2 e3 52.Re2 Rxc2 0-1